000 00472nam a2200181Ia 4500
001 4709
005 20260306145815.0
008 260306t1997||||xx |||||||||||||| ||spa||
041 _aESP
082 _a330.01
_bC88
100 _aCrespo, Ricardo F.
_eAUT
245 0 _aLa economía como ciencia moral:
_bnuevas perspectivas de la teoría económica
260 _c1997
300 _a199 páginas :
_c21 cm.
650 _aGEN
654 _aCAN
942 _cLIB
_dJUS
_fJUS
_2ddc
_n
999 _c4709
_d4709